| 000 | 00465nam a2200181Ia 4500 | ||
|---|---|---|---|
| 001 | 51020 | ||
| 008 | 140502s9999 xx 000 0 und d | ||
| 020 | _aNA | ||
| 040 | _cPK-LaUMT | ||
| 082 |
_aRHC 891.4393 _bSAL-H |
||
| 100 | _aSalma Yasmeen Najami | ||
| 245 |
_aHam nafs (Urdu) _bkirn arzoo ki _cSalma Yasmeen Najami |
||
| 260 |
_aNew Delhi,India: _bHijab Publications, _c2006 |
||
| 300 | _a128 p. | ||
| 546 | _aUR | ||
| 650 | _aUrdu literature | ||
| 942 | _cBK | ||
| 999 |
_c48527 _d48527 |
||